000 00282nam a2200109Ia 4500
008 200302s9999 xx 000 0 und d
100 _aA. K. Lal
245 _aHand Book of Low Cost Housing
260 _bNew Age International Pvt. Ltd. Publishers
260 _c2008
300 _a172 P.,
999 _c5723
_d5723